书目信息 |
| 题名: |
物质意识 意识物质论
|
|
| 作者: | 连海安 著 | |
| 分册: | ||
| 出版信息: | 北京 经济日报出版社 2014 |
|
| 页数: | 249页 | |
| 开本: | 24cm | |
| 丛书名: | ||
| 单 册: | ||
| 中图分类: | B022 | |
| 科图分类: | ||
| 主题词: | 物质--关系--意识--研究 | |
| 电子资源: | ||
| ISBN: | 978-7-80257-749-7 | |
| 000 | 01136nam0 2200253 450 | |
| 001 | 338892 | |
| 005 | 20150603144107.39 | |
| 010 | @a978-7-80257-749-7@b精装@dCNY68.00 | |
| 100 | @a20150505d2014 em y0chiy50 ea | |
| 101 | 0 | @achi |
| 102 | @aCN@b110000 | |
| 105 | @ay z 000yy | |
| 106 | @ar | |
| 200 | 1 | @a物质意识 意识物质论@Awu zhi yi zhi yi shi wu zhi lun@d= Substance awareness awareness on substance@f连海安著@zeng |
| 210 | @a北京@c经济日报出版社@d2014 | |
| 215 | @a249页@d24cm | |
| 300 | @a学术之星文库 | |
| 330 | @a本书以自然科学揭示意识生命物质活动实践为基础, 应用马克思辩证唯物主义理论, 阐述了意识本质种类及其活动质、量、度的变化, 提出了反映意识、创造意识和依赖于人的意识社会物质的概念。在论证自然物质与意识产生、意识与物质关系中, 得出自然物质决定意识产生、客观存在决定反映意识的客观结果。讨论了明确目的意识中客观“质”的思想意识产生条件, 论述了“勤奋、奉献、服务”意识的提倡, 是人类社会进步的基础。 | |
| 510 | 1 | @aSubstance awareness awareness on substance@zeng |
| 606 | 0 | @a物质@x关系@x意识@x研究 |
| 690 | @aB022@v5 | |
| 701 | 0 | @a连海安@4著 |
| 801 | 0 | @aCN@b卓展宏图@c20150525 |
| 905 | @dB022@e114@f4 | |
| 物质意识 意识物质论= Substance awareness awareness on substance/连海安著.-北京:经济日报出版社,2014 |
| 249页;24cm |
| 学术之星文库 |
| ISBN 978-7-80257-749-7(精装):CNY68.00 |
| 本书以自然科学揭示意识生命物质活动实践为基础, 应用马克思辩证唯物主义理论, 阐述了意识本质种类及其活动质、量、度的变化, 提出了反映意识、创造意识和依赖于人的意识社会物质的概念。在论证自然物质与意识产生、意识与物质关系中, 得出自然物质决定意识产生、客观存在决定反映意识的客观结果。讨论了明确目的意识中客观“质”的思想意识产生条件, 论述了“勤奋、奉献、服务”意识的提倡, 是人类社会进步的基础。 |
| ● |
| 相关链接 |
|
|
|
|
正题名:物质意识 意识物质论
索取号:B022/114
 
预约/预借
| 序号 | 登录号 | 条形码 | 馆藏地/架位号 | 状态 | 备注 |
| 1 | 861025 | 208610252 | 第一样本阅览室/ [索取号:B022/114] | 在馆 | |
| 2 | 861026 | 208610261 | 第一借阅区/ [索取号:B022/114] | 在馆 | |
| 3 | 861027 | 208610270 | 第一借阅区/ [索取号:B022/114] | 在馆 | |
| 4 | 861028 | 208610289 | 教育系资料室/ [索取号:B022/114] | 在馆 |